| 000 | 006930000a22002290004500 | ||
|---|---|---|---|
| 003 | LK-CoMWRAF | ||
| 005 | 20230829113917.0 | ||
| 008 | 230817t2001 ||||| |||| 00| 0 eng d | ||
| 020 | _a922112892x | ||
| 040 |
_aLK-CoMWRAF _dLK-CoMWRAF _eLK-CoMWRAF |
||
| 041 | _aeng | ||
| 082 |
_a331.1 _bWIJ |
||
| 100 | _a Wijayatilake, Kamalini. | ||
| 245 |
_aSexual Harassment at Work: _bPlantation Sector |
||
| 260 |
_aColombo: _b International Labour Office, _c2001 |
||
| 300 | _ap.36 | ||
| 650 | _aWOMEN-Sexual harassment | ||
| 650 | _aSexual harassment-Plantation sector | ||
| 700 | _aZackariya, Faizun. | ||
| 856 | _uhttp://www.ilo.org/public/libdoc/ilo/2001/101B09_358_engl.pdf | ||
| 942 | _cBK | ||
| 999 |
_c651 _d651 |
||